Crítica a la criminología: hacia una teoría crítica del control social en América Latina (Registro nro. 6391)

Detalles MARC
000 -Cabecera
Campo de control de longitud fija 00762aam a2200277 4500
005 - Fecha y hora de la última transacción
Campo de control 20260212083447.0
008 - Elementos de longitud fija--Información general
Campo de control de longitud fija 150715b1982 xxu||||| |||| 00| 0 spa d
020 ## - International Standard Book Number
Número Internacional Estándar del Libro (ISBN) 8482722298
041 ## - Idioma
Código de idioma Español
082 ## - Clasificación Decimal Dewey
Número de clasificación 364 B493c
100 ## - Entrada principal--Autor personal
Nombre personal Bergalli, Roberto
9 (RLIN) 29750
245 ## - Título propiamente dicho
Título Crítica a la criminología: hacia una teoría crítica del control social en América Latina
260 ## - Pie de imprenta
Lugar de publicación, distribución, etc. Colombia
260 ## - Pie de imprenta
Nombre del editor, distribuidor, etc. Editorial Temis
260 ## - Pie de imprenta
Fecha de publicación, distribución, etc. 1982
300 ## - Descripción física
Extensión 301 páginas
490 ## - Serie
Título de la Serie Investigación Criminal
650 ## - Materia general
Temática (materia general) CRIMINOLOGÍA
650 ## - Materia general
Temática (materia general) CONTROL SOCIAL
650 ## - Materia general
Temática (materia general) AMÉRICA LATINA
650 ## - Materia general
Temática (materia general) DERECHO PENAL
650 ## - Materia general
Temática (materia general) SOCIOLOGÍA
650 ## - Materia general
Temática (materia general) POLÍTICA CRIMINAL
650 ## - Materia general
Temática (materia general) TEORÍAS DE RELACIÓN SOCIAL
942 ## - Punto de acceso adicional KOHA
Tipo de ítem KOHA Libro
Fuente del sistema de clasificación o colocación Dewey Decimal Classification
Existencias
Signatura completa Código de barras Programa Académico Tipo de ítem
364 B493c 422 Investigación Criminal Libro